[Event "Mechanics' Fall TNM; G/2"]
[Site "San Francisco"]
[Date "2016.10.25"]
[Round "2.12"]
[White "Sevall, Jacob"]
[Black "Royzen, Igor"]
[Result "1-0"]
[WhiteElo "2033"]
[BlackElo "1871"]
[Annotator "Donaldson"]
[PlyCount "81"]
[EventDate "2016.??.??"]

1. d4 d5 2. c4 c6 3. Nc3 Nf6 4. Nf3 a6 5. c5 Bf5 6. e3 Nbd7 7. Bd3 Bxd3 8. Qxd3
e6 9. Bd2 Be7 10. O-O O-O 11. Rfc1 Qc7 12. b4 e5 13. Qf5 e4 14. Ne1 Rfe8 15. f3
Bf8 16. Nc2 g6 17. Qh3 Bg7 18. Rab1 Nf8 19. f4 Qd7 20. Qxd7 N6xd7 21. a4 Reb8
22. b5 Ne6 23. Kf1 f5 24. Nb4 Nd8 25. Be1 Bf6 26. Ke2 Kf7 27. Rb2 Ke6 28. Rcb1
axb5 29. axb5 Be7 30. Rc2 Bf6 31. Rbb2 Ra3 32. Nb1 Ra4 33. Nc3 Ra3 34. Ra2 Rba8
35. Rxa3 Rxa3 36. Ncxd5 cxd5 37. c6 bxc6 38. bxc6 Nb6 39. c7 Nb7 $2 (39... Ra8)
(39... Be7) 40. Rc6+ Kd7 41. Rxb6 1-0

[Event "Mechanics' Fall TNM; G/2"]
[Site "San Francisco"]
[Date "2016.12.06"]
[Round "8.8"]
[White "Sevall, Jacob"]
[Black "Steigum, Erling"]
[Result "1-0"]
[WhiteElo "2033"]
[BlackElo "1936"]
[PlyCount "63"]
[EventDate "2016.??.??"]

1. e4 c5 2. Nf3 e6 3. d4 cxd4 4. Nxd4 Nc6 5. Nc3 Qc7 6. g3 a6 7. Bg2 d6 8. O-O
Bd7 9. Be3 Be7 10. Qe2 Nf6 11. Rfd1 Ne5 12. f4 Nc4 13. Bc1 Rc8 14. b3 Na5 15.
Bb2 Nc6 16. Nxc6 Bxc6 17. e5 dxe5 18. fxe5 Bc5+ 19. Kh1 Bxg2+ 20. Kxg2 Qc6+ 21.
Kh3 Nd7 22. Ne4 Be7 23. c4 O-O 24. Rxd7 Qxd7 25. Rd1 Qc6 26. Rf1 g6 27. Qe3 Kh8
28. Nd6 Kg8 29. Ne4 Kh8 30. Qf4 Rcd8 31. Nd6 Bxd6 32. exd6+ 1-0

[Event "Mechanics' Alan Benson TNM; G/2"]
[Site "San Francisco"]
[Date "2016.08.30"]
[Round "5.5"]
[White "Sevall, Jacob Came"]
[Black "Krasnov, Steven Le"]
[Result "0-1"]
[WhiteElo "2115"]
[BlackElo "1977"]
[PlyCount "64"]
[EventDate "2016.??.??"]

1. Nf3 e6 2. e4 c5 3. d4 cxd4 4. Nxd4 a6 5. Nc3 Qc7 6. Bd3 Nf6 7. O-O Bc5 8.
Nb3 Be7 9. Qf3 Nc6 10. Bf4 d6 11. h3 O-O 12. a4 b6 13. Rfd1 Bb7 14. g4 Ne5 15.
Qg3 Rad8 16. Nd2 Nfd7 17. Be3 Nc5 18. Nf3 Ncxd3 19. cxd3 Nxf3+ 20. Qxf3 f5 21.
gxf5 exf5 22. Qg3 fxe4 23. dxe4 Rf6 24. Kh1 Rg6 25. Qf3 Rf8 26. Qh5 Qc4 27. Rd4
Qf7 28. Qe2 Bf6 29. Qc4 Bxd4 30. Qxf7+ Rxf7 31. Bxd4 Rf3 32. Kh2 Bc8 0-1

[Event "Mechanics' Fall TNM; G/2"]
[Site "San Francisco"]
[Date "2016.11.01"]
[Round "3.3"]
[White "Shakhnazarov, Oleg"]
[Black "Askin, David Benja"]
[Result "1-0"]
[WhiteElo "2150"]
[BlackElo "1942"]
[PlyCount "89"]
[EventDate "2016.??.??"]

1. e4 e6 2. d4 d5 3. e5 c5 4. c3 Nc6 5. Nf3 Qb6 6. Be2 cxd4 7. cxd4 Nge7 8. Na3
Nf5 9. Nc2 Bd7 10. O-O Be7 11. g4 Nh4 12. Nxh4 Bxh4 13. f4 Be7 14. Rf3 f6 15.
Rb3 Qc7 16. Rh3 O-O-O 17. Bd2 Kb8 18. b4 fxe5 19. fxe5 Qb6 20. Be3 Rc8 21. a3
Be8 22. Bd3 Bg6 23. Qd2 Bxd3 24. Qxd3 g6 25. g5 Rcf8 26. Rf1 Qd8 27. Rg3 Rxf1+
28. Qxf1 Rf8 29. Qh3 Nxe5 30. dxe5 Qc7 31. Nd4 Qc3 32. Rf3 Rc8 33. Qg3 Qxa3 34.
b5 Bc5 35. Nxe6 Bxe3+ 36. Rxe3 Qb2 37. Re1 Qxb5 38. Nd4 Qb2 39. e6+ Ka8 40. Qe5
Re8 41. e7 a5 42. Qxd5 Qb6 43. Kh1 Ka7 44. Nb5+ Ka6 45. Re6 1-0

[Event "Mechanics' Spring TNM; G/2"]
[Site "San Francisco"]
[Date "2016.04.05"]
[Round "4.10"]
[White "Shakhnazarov, Oleg"]
[Black "Babayan, Gagik"]
[Result "1-0"]
[WhiteElo "2139"]
[BlackElo "1833"]
[Annotator "Donaldson"]
[PlyCount "39"]
[EventDate "2016.??.??"]

1. e4 c5 2. Nf3 e6 3. d4 cxd4 4. Nxd4 a6 5. Be2 Nc6 6. O-O Nf6 7. Nc3 d6 8. Be3
Be7 9. f4 Qc7 10. Qe1 Bd7 11. Qf2 Nxd4 $6 (11... O-O {or}) (11... b5 {
with a normal Scheveningen.}) 12. Bxd4 e5 $2 ({Now} 12... O-O {is met by} 13.
e5) (12... Bc6 13. e5 Nd7 {was relatively best. The text is asking for trouble.
}) 13. Bb6 Qc8 $2 (13... Qc6 {was the last chance to resist.}) 14. fxe5 dxe5
15. Nd5 Kf8 16. Nxe7 Kxe7 17. Qg3 Re8 18. Qxg7 Qc6 {Diagram [#]} 19. Rxf6 $1
Qxf6 20. Bc5+ 1-0

[Event "Mechanics' Fall TNM; G/2"]
[Site "San Francisco"]
[Date "2016.10.18"]
[Round "1.5"]
[White "Shakhnazarov, Oleg"]
[Black "Lin, Aung Tun"]
[Result "1-0"]
[WhiteElo "2150"]
[BlackElo "1681"]
[PlyCount "75"]
[EventDate "2016.??.??"]

1. e4 e5 2. Nf3 d6 3. Bc4 Nf6 4. d3 h6 5. Nc3 c6 6. a4 Bg4 7. h3 Bh5 8. g4 Bg6
9. Be3 Be7 10. Qe2 Nbd7 11. O-O-O Qa5 12. Nd2 Nb6 13. Bb3 d5 14. Bxb6 axb6 15.
exd5 Nd7 16. f4 b5 17. d6 bxa4 18. Nc4 Qb4 19. Na2 Qb5 20. dxe7 Qc5 21. d4 Qxe7
22. Nd6+ Qxd6 23. dxe5 Qe7 24. Bc4 Nc5 25. f5 Bh7 26. Rd6 O-O 27. Rhd1 Kh8 28.
Qe3 Ra5 29. Kb1 Re8 30. e6 Bg8 31. Qe1 Raa8 32. f6 gxf6 33. Qh4 fxe6 34. Qxh6+
Bh7 35. Bxe6 Qf8 36. Qh5 Ne4 37. Rd7 Ng5 38. Bf5 1-0

[Event "Mechanics' Fall TNM; G/2"]
[Site "San Francisco"]
[Date "2016.12.13"]
[Round "9.3"]
[White "Shakhnazarov, Oleg"]
[Black "O/^Connor, Derek"]
[Result "1/2-1/2"]
[WhiteElo "2150"]
[BlackElo "2157"]
[PlyCount "78"]
[EventDate "2016.??.??"]

1. e4 c6 2. d4 d5 3. e5 Bf5 4. Ne2 e6 5. Nf4 Nd7 6. h4 h5 7. Be2 g6 8. Nd2 Ne7
9. Nb3 Nc8 10. Be3 a6 11. a4 Na7 12. c3 Rc8 13. Bd3 Bxd3 14. Qxd3 Rg8 15. Qe2
c5 16. g3 Qb6 17. Nxc5 Nxc5 18. dxc5 Bxc5 19. Bxc5 Qxc5 20. O-O Nc6 21. Rfe1
Ne7 22. Nh3 Nf5 23. Kh2 Qc4 24. Qf3 Ke7 25. Ng5 Rgd8 26. a5 Qb5 27. b3 d4 28.
c4 Qd7 29. Ne4 Kf8 30. Qf4 Qe7 31. Nf6 d3 32. Qd2 Rd4 33. f3 Kg7 34. Re4 Qc5
35. Rae1 Rxe4 36. fxe4 Qxe5 37. Nxh5+ gxh5 38. exf5 Qxf5 39. Kg2 Rd8 {
and eventually drawn in mutual time pressure. Remaining moves unavailable.}
1/2-1/2

[Event "Mechanics' Fall TNM; G/2"]
[Site "San Francisco"]
[Date "2016.11.29"]
[Round "7.6"]
[White "Shakhnazarov, Oleg"]
[Black "Pryor, Jamieson"]
[Result "1-0"]
[WhiteElo "2150"]
[BlackElo "2032"]
[PlyCount "77"]
[EventDate "2016.??.??"]

1. e4 c5 2. Nf3 d6 3. d4 cxd4 4. Nxd4 Nf6 5. Nc3 a6 6. Be2 e5 7. Nb3 Be7 8. g4
h6 9. Be3 Be6 10. Bf3 Nbd7 11. h4 Nb6 12. Rg1 Nc4 13. Bc1 Nd7 14. g5 hxg5 15.
hxg5 Rh4 16. g6 f6 17. Nd5 b5 18. a4 bxa4 19. Rxa4 Ndb6 20. Ra2 Bxd5 21. exd5
f5 22. Rh1 Rxh1+ 23. Bxh1 Qd7 24. Qh5 a5 25. Bg2 a4 26. Nd2 O-O-O 27. Nxc4 Nxc4
28. b3 Nb6 29. Be3 axb3 30. cxb3 Kb7 31. Rc2 Ra8 32. Rc6 Ra1+ 33. Kd2 Bd8 34.
Kc2 e4 35. Bxb6 Bxb6 36. Qh3 Bd4 37. Bf1 Ra2+ 38. Kd1 Rxf2 39. Bb5 {
Black is much better but went on to lose. Remaining moves unavailable.} 1-0

[Event "Mechanics' Spring TNM; G/2"]
[Site "San Francisco"]
[Date "2016.03.29"]
[Round "3.11"]
[White "Shakhnazarov, Oleg"]
[Black "Royzen, Igor"]
[Result "1/2-1/2"]
[WhiteElo "2139"]
[BlackElo "1879"]
[PlyCount "116"]
[EventDate "2016.??.??"]

1. e4 c6 2. d4 d5 3. e5 c5 4. c3 Nc6 5. Nf3 Bg4 6. Be2 e6 7. Nbd2 cxd4 8. Nxd4
Bxe2 9. Qxe2 Nxd4 10. cxd4 Ne7 11. O-O Nf5 12. Nf3 Be7 13. Bd2 O-O 14. g3 Qb6
15. Bc3 Rac8 16. a4 a6 17. Qd3 Qb3 18. Nd2 Qb6 19. g4 Nh4 20. f4 f6 21. exf6
Rxf6 22. Qh3 Rf7 23. Rae1 Rcf8 24. f5 exf5 25. Rxe7 Rxe7 26. Qxh4 Qe6 27. gxf5
Qe3+ 28. Kh1 Rf6 29. Qg4 Ref7 30. Nb3 Qd3 31. Qf3 Qxf5 32. Qxf5 Rxf5 33. Rxf5
Rxf5 34. Nc5 Rf7 35. a5 Kf8 36. Bb4 Ke8 37. Kg2 Kd8 38. Ne6+ Kd7 39. Nf8+ Kc6
40. Nxh7 Kb5 41. Bc3 b6 42. axb6 Kxb6 43. Ng5 Re7 44. Kf2 Kb5 45. Nf3 Kc4 46.
Ne5+ Kb3 47. Nc6 Re6 48. Nb4 Kc4 49. Nc2 Kd3 50. Ne1+ Kc4 51. Nf3 Kb3 52. Ne5
Kc2 53. Kg3 Rd6 54. h4 a5 55. Bxa5 Kxb2 56. Bb4 Rb6 57. Bc5 Rb7 58. h5 Kc3 {
The game was later drawn in severe time pressure for both sides. Both sides
quit keeping score at this point.} 1/2-1/2

[Event "Mechanics' Fall TNM; G/2"]
[Site "San Francisco"]
[Date "2016.11.15"]
[Round "5.1"]
[White "Shakhnazarov, Oleg"]
[Black "Stearman, Josiah P"]
[Result "0-1"]
[WhiteElo "2150"]
[BlackElo "2298"]
[Annotator "Donaldson"]
[PlyCount "120"]
[EventDate "2016.??.??"]

1. e4 c5 2. Nf3 Nc6 3. d4 cxd4 4. Nxd4 g6 5. Nc3 Bg7 6. Be3 Nf6 7. Bc4 O-O 8.
Bb3 d6 9. f3 Bd7 10. Qd2 Rc8 11. O-O-O Ne5 12. g4 Nc4 13. Qe1 Nxe3 14. Qxe3 Qb6
15. g5 Nh5 16. Nd5 Qd8 17. Ne2 Bb5 18. Ng3 Nxg3 19. hxg3 e6 20. Nf6+ Bxf6 21.
gxf6 Qxf6 22. Rxd6 Qe5 23. Qh6 Qg7 24. Qg5 Bc4 25. Bxc4 Rxc4 26. Rhd1 f6 27.
Qh4 Qc7 28. R6d2 b5 29. Kb1 h5 30. g4 Qf4 31. Qh1 Rc5 32. Rh2 Qh6 33. Rg1 Kf7
34. Rd1 Kg8 35. Qg1 Rfc8 36. gxh5 Rxh5 37. Rg2 Rg5 38. Rdd2 Rxg2 39. Rxg2 g5
40. f4 Qh4 41. fxg5 f5 42. exf5 exf5 43. Rh2 Qe4 44. g6 Rd8 45. g7 Kf7 {
Diagram [#]} 46. Qxa7+ {It's hard to fault the text as it wins another pawn,
but considering that White is getting low on time either} (46. Rh8 {
which win quickly should have been played.}) (46. Rh6) 46... Qe7 47. Qg1 Qg5
48. Qh1 Kxg7 49. b3 Qf6 50. Rh7+ Kg8 51. Rb7 $2 f4 52. Rxb5 $2 f3 {
Now Black is back in the game and White is in real time pressure.} 53. Qg1+ Kf8
54. Qc5+ Kg7 55. Qg1+ Kf8 56. Qc5+ Kg7 57. Qg1+ Kf8 58. Qc5+ Kg7 59. Qg1+ {
White could and should have claimed a draw by not making this move on theboard.
} Kf8 60. Qc5+ Kf7 {White lost on time.} 0-1

[Event "Mechanics' Spring TNM; G/2"]
[Site "San Francisco"]
[Date "2016.04.19"]
[Round "6.5"]
[White "Shakhnazarov, Oleg"]
[Black "Tsodikova, Natalya"]
[Result "1-0"]
[WhiteElo "2139"]
[BlackElo "2207"]
[Annotator "Donaldson"]
[PlyCount "35"]
[EventDate "2016.??.??"]

1. e4 e5 2. Nf3 Nc6 3. Bb5 f5 4. d3 fxe4 5. dxe4 Nf6 6. Bg5 (6. O-O {and}) (6.
Nc3 {are the most commonly played moves here, but the text has been tried over
a 100 times.}) 6... Bc5 7. Nc3 d6 {Diagram [#]} 8. Nd5 $5 (8. Bxf6 Qxf6 9. Nd5
{was a more positional way of handling the position where White gives up the
two bishops for a strong knight on d5. The text at first looks like a blunder,
but is in fact the prelude to wild complications - Oleg's cup of tea.}) 8...
Bxf2+ 9. Kxf2 Nxe4+ 10. Kg1 Nxg5 11. Nxg5 Qxg5 12. h4 $1 (12. Nxc7+ $4 {
loses after} Kd7 13. Nxa8 Qe3+ 14. Kf1 Rf8+ {The text not only attacks Black's
queen, but provides a square for White's king which makes Nxc7+ playable in
certain variations.}) 12... Qd8 $6 {A fighting decision by Natalya, but not
the most prudent move. The text avoids the almost certain draw by repetition
after} (12... Qh6 {(stopping Qh5+). For example:} 13. Nxc7+ Kd8 14. Nxa8 Qe3+
15. Kh2 Qf4+ 16. Kg1 Qe3+) 13. Qh5+ $1 g6 14. Qh6 Rf8 $2 (14... Be6 {
had to be tried. After} 15. Qg7 Bxd5 16. Qxh8+ Kd7 17. Qxh7+ Qe7 18. Bxc6+ bxc6
19. Qxg6 Rg8 20. Qf5+ Be6 {White is clearly better, but Black can still fight.}
) 15. Qxh7 Rf7 16. Qg8+ Rf8 17. Qxg6+ Kd7 18. Qg7+ 1-0

[Event "Mechanics' Spring TNM; G/2"]
[Site "San Francisco"]
[Date "2016.04.19"]
[Round "6.6"]
[White "Shaw, Tenzing Will"]
[Black "Askin, Michael Chr"]
[Result "1-0"]
[WhiteElo "2292"]
[BlackElo "1984"]
[PlyCount "47"]
[EventDate "2016.??.??"]

1. d4 d5 2. c4 c6 3. Nc3 Nf6 4. Nf3 e6 5. Bg5 dxc4 6. e4 b5 7. e5 h6 8. Bh4 g5
9. Bg3 Nd5 10. Nd2 Nd7 11. Be2 Qb6 12. Nde4 f5 13. exf6 N5xf6 14. O-O Be7 15.
Bh5+ Kd8 16. Re1 Nxh5 17. Qxh5 Qxd4 18. Qf7 Rf8 19. Qxe6 Nc5 20. Nxc5 Qxc5 21.
Rad1+ Ke8 22. Qg6+ Rf7 23. Ne4 Bf5 24. Nd6+ 1-0

[Event "Mechanics' Spring TNM; G/2"]
[Site "San Francisco"]
[Date "2016.03.22"]
[Round "2.3"]
[White "Shaw, Tenzing Will"]
[Black "Kim, Isaiah Taeshi"]
[Result "1-0"]
[WhiteElo "2292"]
[BlackElo "1837"]
[PlyCount "89"]
[EventDate "2016.??.??"]

1. e4 c6 2. Nc3 d5 3. Nf3 Bg4 4. h3 Bxf3 5. Qxf3 e6 6. d3 Bd6 7. Bd2 Nf6 8.
O-O-O Nbd7 9. d4 dxe4 10. Nxe4 Nxe4 11. Qxe4 Nf6 12. Qf3 h6 13. Kb1 Qe7 14. g4
O-O-O 15. Bg2 Bc7 16. Bc1 Nd7 17. c4 Qf6 18. Be3 Qxf3 19. Bxf3 g5 20. h4 f6 21.
Rh3 Nb6 22. b3 Bf4 23. Rdh1 Bxe3 24. fxe3 Rhg8 25. hxg5 hxg5 26. Rh7 Rd7 27.
Rxd7 Nxd7 28. Rh7 Re8 29. c5 Kd8 30. b4 Re7 31. Rh6 Kc7 32. Kc2 b6 33. Kc3 bxc5
34. dxc5 f5 35. gxf5 exf5 36. Rxc6+ Kb8 37. Bd5 Rxe3+ 38. Kd4 Rh3 39. Be6 Rh4+
40. Kd5 Nf6+ 41. Ke5 Ng4+ 42. Kd6 Ne3 43. Rc8+ Kb7 44. c6+ Ka6 45. Rb8 1-0

[Event "Mechanics' Summer TNM; G/2"]
[Site "San Francisco"]
[Date "2016.06.07"]
[Round "3.7"]
[White "Shaw, Tenzing Will"]
[Black "Krasnov, Steven Le"]
[Result "1-0"]
[WhiteElo "2292"]
[BlackElo "1993"]
[PlyCount "63"]
[EventDate "2016.??.??"]

1. e4 c5 2. Nf3 e6 3. d4 cxd4 4. Nxd4 Nf6 5. Nc3 Nc6 6. Ndb5 d6 7. Bf4 e5 8.
Bg5 a6 9. Na3 Be6 10. Nc4 b5 11. Ne3 Be7 12. Bxf6 Bxf6 13. Be2 O-O 14. O-O Rc8
15. Ncd5 Nd4 16. c3 Nxe2+ 17. Qxe2 Bg5 18. Rfd1 Rc6 19. Nb4 Rb6 20. Ned5 Bxd5
21. Nxd5 Rb8 22. a4 f5 23. axb5 axb5 24. Ra7 fxe4 25. Qxe4 Qe8 26. Qg4 Bh6 27.
Rda1 Rf7 28. f3 g6 29. Qh4 Bg7 30. R1a6 Rxa7 31. Rxa7 Ra8 32. Nc7 1-0

[Event "Mechanics' Summer TNM; G/2"]
[Site "San Francisco"]
[Date "2016.05.24"]
[Round "1.3"]
[White "Shaw, Tenzing Will"]
[Black "Lesquillier, Walte"]
[Result "1-0"]
[WhiteElo "2292"]
[BlackElo "1623"]
[PlyCount "37"]
[EventDate "2016.??.??"]

1. d4 Nf6 2. c4 e6 3. Nc3 Bb4 4. f3 h6 5. a3 Bxc3+ 6. bxc3 d5 7. e3 Nbd7 8.
cxd5 exd5 9. Bd3 O-O 10. Ne2 Re8 11. h4 c5 12. Kf2 Nf8 13. Ra2 b6 14. Kg1 Be6
15. Nf4 Qd7 16. g4 g5 17. hxg5 hxg5 18. Nh5 N8h7 19. Qf1 1-0

[Event "Mechanics' Summer TNM; G/2"]
[Site "San Francisco"]
[Date "2016.07.05"]
[Round "7.3"]
[White "Shaw, Tenzing Will"]
[Black "Sun, James"]
[Result "1-0"]
[WhiteElo "2292"]
[BlackElo "2270"]
[PlyCount "49"]
[EventDate "2016.??.??"]

1. d4 Nf6 2. c4 g6 3. Nc3 d5 4. Bf4 Bg7 5. Nf3 O-O 6. e3 c6 7. h3 Nbd7 8. cxd5
Nxd5 9. Nxd5 cxd5 10. Be2 Nf6 11. O-O Qb6 12. Qb3 Qxb3 13. axb3 Ne4 14. Rfc1
Bd7 15. b4 Rfc8 16. Rxc8+ Bxc8 17. Rc1 f6 18. Rc7 Kf7 19. Bb5 Ke6 20. Ba4 Nd6
21. Nd2 b5 $6 22. Bb3 Nc4 23. Nxc4 dxc4 $2 (23... bxc4 $14) 24. Bd1 Rb8 $2 25.
Rc5 1-0

[Event "Mechanics' Winter TNM; G/2"]
[Site "San Francisco"]
[Date "2016.02.23"]
[Round "8.1"]
[White "Shaw, Tenzing Will"]
[Black "Tsodikova, Natalya"]
[Result "1/2-1/2"]
[WhiteElo "2287"]
[BlackElo "2207"]
[Annotator "Donaldson"]
[PlyCount "109"]
[EventDate "2016.??.??"]

1. d4 Nf6 2. c4 g6 3. Nc3 Bg7 4. e4 d6 5. f3 O-O 6. Nge2 Nc6 7. Be3 a6 8. Qd2
Rb8 9. Rc1 Bd7 10. Nd1 Re8 11. Nf2 b5 12. c5 dxc5 13. Rxc5 e5 14. d5 Ne7 15.
Qc2 Bf8 16. Bg5 Nc8 17. Rxc7 Bb4+ 18. Bd2 Bxd2+ 19. Kxd2 Nb6 20. Rc5 Na4 21. b4
Nxc5 22. bxc5 Bc6 23. Nd3 Nxd5 (23... Bxd5 24. exd5 e4) 24. exd5 Bxd5 25. Nc3
e4 26. Nxe4 Bxe4 27. fxe4 Rxe4 28. Qb3 Rc8 29. Kc2 Rc4+ 30. Kb1 Qd4 31. Be2 Re8
32. Qd1 Rc3 33. c6 Rxc6 34. Bf3 Rd6 35. Nf2 Qe5 36. Qc2 Rd4 37. Qb2 Qf4 38. g3
Qf5+ 39. Ka1 Rc4 40. Bd1 Rec8 41. Bb3 Rc2 $2 (41... Rc3 $17) 42. Bxc2 Rxc2 {
Diagram #} 43. Ng4 $1 Rxb2 44. Nh6+ Kf8 45. Nxf5 Rf2 46. Nd4 Ke7 47. Re1+ Kd6
48. Re2 Rxe2 49. Nxe2 Ke5 50. Kb2 Ke4 51. Kc3 Kf3 52. Nf4 h5 53. Kb4 h4 54.
Nxg6 fxg6 55. gxh4 1/2-1/2

[Event "Mechanics' Winter TNM; G/2"]
[Site "San Francisco"]
[Date "2016.02.09"]
[Round "6.2"]
[White "Shaw, Tenzing Will"]
[Black "Vickers, Keith"]
[Result "1-0"]
[WhiteElo "2287"]
[BlackElo "2200"]
[Annotator "Donaldson"]
[PlyCount "55"]
[EventDate "2016.??.??"]

1. d4 f5 2. Nc3 d5 3. Bg5 (3. e4 dxe4 4. Bf4) 3... Nf6 4. Bxf6 exf6 5. e3 Be6
6. Qf3 Nc6 7. Nge2 Qd7 8. Nf4 O-O-O 9. a3 Kb8 10. g3 Ne7 11. Bg2 Bf7 12. h4 g6
13. Nd3 Nc8 14. O-O c6 15. b4 Nd6 16. Nc5 Qc8 17. Rfb1 Ne4 (17... Ka8 {
intending ...Ne4 was an easier way to play the position taking away Qf4+.}) 18.
N3xe4 dxe4 19. Nxe4 {Diagram #} fxe4 (19... Bd5 $1 20. Qf4+ Ka8 21. Nd2 Bd6 22.
Qh6 f4 23. e4 (23. exf4 Bf8) 23... Be6 {with chances for both sides.}) 20. Qxf6
Bd6 21. Qxf7 Rdf8 22. Qc4 Qg4 23. Rf1 Rf3 (23... h5 24. d5 g5 25. dxc6 gxh4 26.
Rad1) 24. d5 Rhf8 25. dxc6 R8f5 26. Qe6 Bxg3 27. Qe8+ Kc7 28. Qd7+ 1-0

[Event "Mechanics' Summer TNM; G/2"]
[Site "San Francisco"]
[Date "2016.06.21"]
[Round "5.2"]
[White "Shaw, Tenzing Will"]
[Black "Viswanath, Ganesh"]
[Result "1/2-1/2"]
[WhiteElo "2292"]
[BlackElo "2082"]
[Annotator "Donaldson"]
[PlyCount "101"]
[EventDate "2016.??.??"]

1. c4 Nf6 2. Nc3 e6 3. e4 d5 4. e5 d4 5. exf6 dxc3 6. bxc3 Qxf6 7. Nf3 c5 8. d4
h6 9. Bd3 cxd4 10. cxd4 Bb4+ 11. Bd2 (11. Kf1 $5 {
Seirawan-Korchnoi, Wijk aan Zee 1980.}) 11... Bxd2+ 12. Qxd2 Nc6 13. Qe3 O-O
14. O-O Rd8 15. Rad1 Bd7 16. Bb1 Rac8 17. Qe4 Kf8 18. d5 Ne7 19. Rfe1 Ng6 20.
Nd4 exd5 21. cxd5 Re8 22. Qd3 Rxe1+ 23. Rxe1 Re8 24. Rxe8+ Kxe8 25. g3 Kd8 26.
f4 Qb6 27. Bc2 Ne7 28. Kg2 Nxd5 29. Bb3 Qd6 30. Qe4 Nf6 31. Qe5 Qxe5 32. fxe5
Ng4 33. e6 fxe6 34. Nxe6+ Bxe6 35. Bxe6 Ne5 36. Kf2 Ke7 37. Bc8 b5 38. Ke3 a5
39. h3 b4 40. Kd4 Kd6 41. Bb7 a4 42. Bd5 Nc6+ 43. Kc4 b3 44. a3 Ke5 45. Bf7 Nd4
46. g4 g5 47. Kb4 b2 48. Bg6 {Diagram [#]} Kd5 $2 (48... Ne2 $1 $19) 49. Kc3
Ne2+ 50. Kxb2 Nf4 51. Bc2 1/2-1/2

[Event "Mechanics' Spring TNM; G/2"]
[Site "San Francisco"]
[Date "2016.05.03"]
[Round "8.5"]
[White "Shaw, Tenzing Will"]
[Black "Walters, Kevin"]
[Result "1-0"]
[WhiteElo "2292"]
[BlackElo "1701"]
[PlyCount "77"]
[EventDate "2016.??.??"]

1. d4 f5 2. Nc3 Nf6 3. Bg5 e6 4. g4 Be7 5. gxf5 exf5 6. Qd3 d5 7. Nf3 c6 8.
Bxf6 Bxf6 9. O-O-O Qd6 10. h4 Na6 11. e3 Bd7 12. h5 O-O-O 13. Bh3 Nb4 14. Qd2
g5 15. Bf1 b5 16. a3 Na6 17. Ne1 Qf8 18. Nd3 h6 19. Ne2 Kb8 20. Kb1 Nc7 21.
Nec1 Ne8 22. Ne5 Bxe5 23. dxe5 Nc7 24. f4 Ne6 25. Nb3 Nc5 26. Bd3 Ne4 27. Bxe4
dxe4 28. Qc3 Rh7 29. Rd6 Rc8 30. Rhd1 Be8 31. e6 Bxh5 32. Rd7 Bxd1 33. Rxh7 Qd6
34. Nc5 Be2 35. Rb7+ Ka8 {Diagram [#]} 36. Rxa7+ $1 Kxa7 37. Qa5+ Kb8 38. Qb6+
Ka8 39. Qb7# 1-0

[Event "Mechanics' Spring TNM; G/2"]
[Site "San Francisco"]
[Date "2016.04.05"]
[Round "4.3"]
[White "Shaw, Tenzing Will"]
[Black "Wang, Yuan"]
[Result "1/2-1/2"]
[WhiteElo "2292"]
[BlackElo "2051"]
[PlyCount "120"]
[EventDate "2016.??.??"]

1. d4 Nf6 2. c4 g6 3. f3 Bg7 4. e4 d6 5. Nc3 O-O 6. Nge2 e5 7. Bg5 h6 8. Be3
Nc6 9. d5 Ne7 10. g4 Nd7 11. Qd2 Kh7 12. h4 a5 13. h5 g5 14. Nc1 Nc5 15. Rb1 b6
16. b3 Bd7 17. Bd3 Qc8 18. Bc2 Qb7 19. a3 Rfb8 20. Rh2 Qc8 21. Qd1 Qe8 22. Rd2
Nc8 23. Nd3 Bf8 24. Nb2 Na6 25. Nd3 b5 26. Qc1 c5 27. dxc6 Bxc6 28. cxb5 Bxb5
29. Nd5 Be7 30. Nb2 Bc6 31. Nc4 Bd8 32. Nxa5 Bxd5 33. exd5+ Kg7 34. Nc6 Rb7 35.
Nxd8 Qxd8 36. Bd3 Ne7 37. Qc4 Nc7 38. Qe4 f5 39. gxf5 Kf6 40. a4 Rab8 41. Bc4
Qd7 42. Bf2 Qxf5 43. Qxf5+ Nxf5 44. a5 Ra8 45. Bb6 Nd4 46. Rxd4 exd4 47. Bxd4+
Kf5 48. b4 Nb5 49. Bb6 Nc3 50. Rb3 Na4 51. Bd4 g4 52. Kf2 gxf3 53. Kxf3 Kg5 54.
a6 Rbb8 55. a7 Rb7 56. Ba6 Rbxa7 57. Bxa7 Rxa7 58. b5 Nc5 59. Re3 Nxa6 60. bxa6
Rxa6 1/2-1/2

[Event "Mechanics' Winter TNM; G/2"]
[Site "San Francisco"]
[Date "2016.01.26"]
[Round "4.1"]
[White "Shaw, Tenzing Will"]
[Black "Winslow, Elliott C"]
[Result "0-1"]
[WhiteElo "2287"]
[BlackElo "2311"]
[Annotator "Donaldson"]
[PlyCount "124"]
[EventDate "2016.??.??"]

1. d4 Nf6 2. c4 g6 3. Nc3 Bg7 4. e4 d6 5. f3 a6 6. Be3 Nc6 7. Nge2 Rb8 8. Rc1 {
The modern anti-Panno rage.} Bd7 9. Qd2 O-O 10. Nd1 e5 (10... b5 11. c5) 11. d5
Ne7 12. Nec3 $6 (12. Nf2 Ne8 13. g3 (13. c5) (13. Nd3)) 12... Nh5 13. Nf2 f5
14. Nd3 Nf6 15. Be2 f4 16. Bf2 g5 17. c5 Ng6 18. Kd1 Rf7 19. cxd6 cxd6 20. Kc2
Bf8 21. Kb1 Be7 22. Qc2 Qe8 23. Qb3 Bd8 24. Qa3 Qf8 25. Rc2 h5 26. b4 g4 27. b5
Nh7 28. Rb2 a5 29. b6 gxf3 30. gxf3 Ng5 31. Qxa5 Nh3 32. Be1 Bh4 33. Qb4 Rg7
34. Nb5 Bxb5 35. Qxb5 Bxe1 36. Rxe1 Nh4 37. Bd1 Ng2 38. Rh1 Ne3 39. Nf2 Ng5 40.
Be2 Rc8 41. a4 Rc5 42. Qb4 Qc8 43. Rg1 Nh3 44. Rxg7+ Kxg7 45. Nd3 Nc2 {
Diagram #} 46. Qxc5 $2 (46. Qd2 Na3+ 47. Ka2 Rc3 48. Bd1 $18) 46... dxc5 47.
Rxc2 c4 48. Nxe5 c3 49. Bf1 Ng5 50. h4 Kf6 51. hxg5+ Kxe5 52. g6 Kf6 53. Bb5
Qc5 54. Ka2 Qb4 55. Rg2 Kg7 56. e5 h4 57. d6 h3 58. Rc2 Kxg6 59. d7 Qd4 60. e6
Kf6 61. Rxc3 h2 62. Rc1 Ke7 {White's flag fell in a losing position.} 0-1

[Event "Mechanics' Fall TNM; G/2"]
[Site "San Francisco"]
[Date "2016.12.06"]
[Round "8.27"]
[White "Sherwood, Peter"]
[Black "Abraham, Michael D"]
[Result "1-0"]
[WhiteElo "1688"]
[BlackElo "1512"]
[Annotator "Donaldson"]
[PlyCount "55"]
[EventDate "2016.??.??"]

1. Nf3 Nf6 2. c4 e6 3. d4 c5 4. e3 d5 5. Nc3 Be7 6. dxc5 Bxc5 7. Be2 O-O 8. O-O
Nbd7 9. cxd5 e5 10. e4 Re8 11. Be3 (11. Bg5 h6 12. Bh4) 11... Bxe3 12. fxe3 Qb6
13. Qd2 Ng4 14. Nd1 Nc5 15. Bd3 Bd7 16. h3 Nxd3 17. Qxd3 (17. hxg4 Nc5 18. Nf2)
17... Bb5 18. Qd2 Bxf1 19. Kxf1 Nf6 20. Nc3 Qb4 21. a3 Qc4+ 22. Kg1 Nxe4 23.
Nxe4 Qxe4 24. Rc1 Rac8 25. d6 Rxc1+ 26. Qxc1 Qd5 27. Qc7 Qc6 {Diagram #} 28. d7
1-0